000 00454nam a22001817a 4500
003 MPLRDC
005 20220104143412.0
008 210129b ||||| |||| 00| 0 eng d
020 _a7-80094-612-6
082 _a874.57 KIN-4
100 _aSTEPHEN KING
245 _a闪灵
_c龚华燕译
250 _a重印
260 _a中国
_b大众文艺出版社
_c1998
300 _b460
650 _a美国文学--长鞭小说
942 _cBK
_o874.57 KIN-4
999 _c39538
_d39528